Score 0/24 Timer 06:00
8 Plays Today
% Correct
Mrs. Doubtfire
96.1%
Mary Poppins
95.1%
Mulan
92.7%
Monsters, Inc.
89.1%
Mission: Impossible
86.3%
Miss Congeniality
77.4%
Man of Steel
74.5%
Misery
63.6%
Mamma Mia!
62.7%
Master and Commander: The Far Side of the World
60%
My Fair Lady
58.2%
My Cousin Vinny
51.9%
% Correct
Miracle
50.6%
Mad Max
44.3%
Mississippi Burning
42%
Mr. Popper's Penguins
41.6%
Maverick
40.5%
Muppet Treasure Island
32.8%
Miami Vice
32.2%
Mona Lisa Smile
25.3%
Modern Times
24.9%
Michael Clayton
22.2%
Men of Honor
20.3%
Moon
16.6%
Remove Ads.
Support Sporcle.
Get the best of Sporcle when you Go Orange. This ad-free experience offers more features, more stats, and more fun while also helping to support Sporcle. Thank you for becoming a member.

You're not logged in!

Compare scores with friends on all Sporcle quizzes.
OR
Log In

Show Comments

Extras

Top Quizzes Today


Score Distribution

Your Account Isn't Verified!

In order to create a playlist on Sporcle, you need to verify the email address you used during registration. Go to your Sporcle Settings to finish the process.

Report this User

Report this user for behavior that violates our Community Guidelines.

Details: